[Event "FICGS W-ch st1 g04 email"]
[Site "FICGS email"]
[Date "2022.11.02"]
[Round "1"]
[White "Zerowska, Patrycja"]
[Black "Mach, Jiri"]
[Result "1-0"]
[WhiteElo "2046"]
[BlackElo "1942"]
[PlyCount "95"]
[EventDate "2022.??.??"]
[EventType "tourn (corr)"]
[EventRounds "6"]
[SourceTitle "Corr 2024"]
[Source "ChessBase"]
[SourceDate "2023.10.19"]
[SourceVersion "1"]
[SourceVersionDate "2023.10.19"]
[SourceQuality "1"]

1. g3 d5 2. Nf3 c5 3. Bg2 Nc6 4. d4 e6 5. 0-0 Nf6 6. c4 dxc4 7. dxc5 Qxd1 8. Rxd1 Bxc5 9. Nbd2 c3 10. bxc3 0-0 11. Nb3 Be7 12. c4 Bd7 13. Bb2 Rfd8 14. Nfd4 Rac8 15. Nb5 b6 16. Nd6 Bxd6 17. Rxd6 Be8 18. Rxd8 Nxd8 19. Rc1 Bc6 20. c5 Bxg2 21. Kxg2 Kf8 22. Bxf6 gxf6 23. cxb6 Rxc1 24. Nxc1 axb6 25. Kf3 Nc6 26. e4 Ne5+ 27. Ke2 Ke7 28. Nd3 Nc6 29. Kd2 b5 30. Nf4 Kd6 31. Nh5 Ke5 32. Ke3 f5 33. f4+ Kd6 34. exf5 Nb4 35. Nf6 exf5 36. Nxh7 Nxa2 37. Ng5 Kd5 38. h4 Kd6 39. Nf3 Ke7 40. Nd4 Kf6 41. Nxb5 Kg6 42. Nd6 Nc3 43. Kf3 Nd5 44. Nc4 Nc7 45. Ne3 Ne8 46. Kf2 Nd6 47. Nd5 Ne4+ 48. Kf3 1-0

[Event "FICGS W-ch st1 g02 email"]
[Site "FICGS email"]
[Date "2021.07.11"]
[Round "2"]
[White "Bovary, Charles"]
[Black "Mach, Jiri"]
[Result "1/2-1/2"]
[WhiteElo "2036"]
[BlackElo "1846"]
[PlyCount "69"]
[EventDate "2021.??.??"]
[EventType "tourn (corr)"]
[EventRounds "8"]
[SourceTitle "Corr 2024"]
[Source "ChessBase"]
[SourceDate "2023.10.19"]
[SourceVersion "1"]
[SourceVersionDate "2023.10.19"]
[SourceQuality "1"]

1. d4 d5 2. c4 c6 3. Nf3 Nf6 4. Nc3 e6 5. Bg5 Nbd7 6. e3 Qa5 7. cxd5 exd5 8. Nd2 Bd6 9. Bd3 0-0 10. 0-0 Qc7 11. Nf3 Re8 12. Rc1 Qb8 13. Qc2 h6 14. Bh4 Ng4 15. h3 Ngf6 16. Rce1 Kh8 17. e4 dxe4 18. Nxe4 Nxe4 19. Bxe4 Nf8 20. d5 cxd5 21. Bxd5 Be6 22. Be4 Rc8 23. Qb1 Bc4 24. Bd3 Ne6 25. Rd1 Bxd3 26. Qxd3 Rc6 27. Rfe1 Qc7 28. Qf5 Kg8 29. Ne5 Bxe5 30. Rxe5 Rc1 31. Red5 Rxd1+ 32. Rxd1 Rc8 33. Qf3 Qc6 34. Qxc6 Rxc6 35. Rd7 1/2-1/2

[Event "FICGS W-ch st1 g02 email"]
[Site "FICGS email"]
[Date "2021.07.11"]
[Round "2"]
[White "Mach, Jiri"]
[Black "Faust, Dieter"]
[Result "1/2-1/2"]
[WhiteElo "1846"]
[BlackElo "1970"]
[PlyCount "46"]
[EventDate "2021.??.??"]
[EventType "tourn (corr)"]
[EventRounds "8"]
[SourceTitle "Corr 2024"]
[Source "ChessBase"]
[SourceDate "2023.10.19"]
[SourceVersion "1"]
[SourceVersionDate "2023.10.19"]
[SourceQuality "1"]

1. c4 Nf6 2. Nc3 c5 3. Nf3 d5 4. cxd5 Nxd5 5. d4 Nxc3 6. bxc3 g6 7. Bf4 Bg7 8. e3 Qa5 9. Qd2 Nc6 10. Rb1 a6 11. Bd3 0-0 12. 0-0 cxd4 13. exd4 e5 14. Bxe5 Nxe5 15. Nxe5 Bxe5 16. dxe5 Rd8 17. Qe2 Re8 18. Rfe1 Qxc3 19. Bc4 b5 20. Rbc1 Qd4 21. Qf3 Ra7 22. e6 Bxe6 23. Bxe6 fxe6 1/2-1/2

[Event "FICGS rapid C 000266 email"]
[Site "FICGS email"]
[Date "2021.07.05"]
[Round "1"]
[White "Laduke, Matt"]
[Black "Mach, Jiri"]
[Result "1-0"]
[WhiteElo "1941"]
[BlackElo "1846"]
[PlyCount "97"]
[EventDate "2021.??.??"]
[EventType "tourn (rapid)"]
[EventRounds "4"]
[SourceTitle "Corr 2024"]
[Source "ChessBase"]
[SourceDate "2023.10.19"]
[SourceVersion "1"]
[SourceVersionDate "2023.10.19"]
[SourceQuality "1"]

1. e4 c6 2. d4 d5 3. exd5 cxd5 4. Bd3 Nc6 5. c3 Nf6 6. Nf3 Bg4 7. h3 Bh5 8. Bf4 e6 9. 0-0 Bd6 10. Bxd6 Qxd6 11. Re1 0-0 12. Nbd2 Rac8 13. Qb1 Bg6 14. Bxg6 hxg6 15. Qd3 Rfe8 16. Ne5 Nd7 17. f4 Ne7 18. Rac1 Nf6 19. Rc2 Qc7 20. g4 Nc6 21. a3 Qe7 22. Ndf3 Ne4 23. h4 Nxe5 24. fxe5 f5 25. exf6 gxf6 26. Nd2 f5 27. Nf3 Rf8 28. g5 Rf7 29. Qe3 Rh7 30. Qf4 Kg7 31. Rec1 b5 32. a4 Qd7 33. axb5 Qxb5 34. Qe5+ Kf7 35. Re1 Qe8 36. Ra1 Kg8 37. Ne1 Rc6 38. Nd3 a6 39. Rh2 Rb7 40. Nf4 Qf7 41. Ra3 Qg7 42. Qxg7+ Kxg7 43. Nd3 Rcb6 44. Ra2 Rb8 45. Kg2 Ra8 46. Kf3 Rh8 47. Kf4 Rh5 48. b4 Rh8 49. Ke5 1-0

[Event "FICGS rapid C 000266 email"]
[Site "FICGS email"]
[Date "2021.07.05"]
[Round "1"]
[White "Mach, Jiri"]
[Black "Leurette, Marc Antoine"]
[Result "1-0"]
[WhiteElo "1846"]
[BlackElo "1631"]
[PlyCount "35"]
[EventDate "2021.??.??"]
[EventType "tourn (rapid)"]
[EventRounds "4"]
[SourceTitle "Corr 2022"]
[Source "ChessBase"]
[SourceDate "2021.10.24"]
[SourceVersion "1"]
[SourceVersionDate "2021.10.24"]
[SourceQuality "1"]

1. e4 e5 2. Nf3 Nc6 3. Bb5 Nf6 4. 0-0 Bc5 5. c3 d6 6. d4 exd4 7. cxd4 a6 8. Bxc6+ bxc6 9. dxc5 d5 10. Bg5 Be6 11. e5 h6 12. exf6 hxg5 13. fxg7 Rg8 14. Nd4 Qd7 15. Qh5 Ke7 16. Qxg5+ Ke8 17. Re1 f5 18. Nxe6 1-0

[Event "FICGS rapid C 000266 email"]
[Site "FICGS email"]
[Date "2021.07.05"]
[Round "1"]
[White "Swiatek, Janusz"]
[Black "Mach, Jiri"]
[Result "0-1"]
[WhiteElo "1954"]
[BlackElo "1846"]
[PlyCount "136"]
[EventDate "2021.??.??"]
[EventType "tourn (rapid)"]
[EventRounds "4"]
[SourceTitle "Corr 2024"]
[Source "ChessBase"]
[SourceDate "2023.10.19"]
[SourceVersion "1"]
[SourceVersionDate "2023.10.19"]
[SourceQuality "1"]

1. e4 e6 2. d4 d5 3. Nc3 Nf6 4. e5 Nfd7 5. f4 c5 6. Nf3 Nc6 7. Be3 a6 8. Qd2 b5 9. h4 Bb7 10. Nd1 Be7 11. h5 h6 12. Bd3 cxd4 13. Nxd4 b4 14. Nf2 a5 15. 0-0 0-0 16. Ng4 Nxd4 17. Bxd4 Nc5 18. f5 Bg5 19. Be3 Nxd3 20. cxd3 Bxe3+ 21. Qxe3 d4 22. Qg3 Qg5 23. f6 Rac8 24. fxg7 Kxg7 25. Rf2 Qxh5 26. Nf6+ Qg5 27. Qh3 Kg6 28. Qh2 Rh8 29. Raf1 Rc1 30. Nh5 Rxf1+ 31. Rxf1 Rf8 32. Rf2 Qc1+ 33. Rf1 Qe3+ 34. Kh1 Kh7 35. Nf6+ Kh8 36. a3 Qg5 37. Rf2 b3 38. Qf4 Bxg2+ 39. Kh2 Bb7 40. Qxg5 hxg5 41. Kg3 Kg7 42. Rh2 Ba6 43. Nh7 Rd8 44. Nxg5 Bxd3 45. Kf4 Bg6 46. Nf3 Rd5 47. Rg2 Kf8 48. Rh2 Ke7 49. Rh8 f6 50. exf6+ Kxf6 51. Rf8+ Ke7 52. Rg8 Bc2 53. Ra8 e5+ 54. Nxe5 d3 55. Nf3 Rf5+ 56. Kxf5 d2+ 57. Kg4 d1Q 58. Ra7+ Kd6 59. Ra6+ Kc7 60. Ra7+ Kb6 61. Rf7 Qd6 62. Rf4 Qd7+ 63. Kh5 Qg7 64. Kh4 Qxb2 65. Nd4 Qxa3 66. Rf6+ Kc5 67. Ne6+ Kd5 68. Rf2 Kxe6 0-1

[Event "FICGS W-ch st1 g05 email"]
[Site "FICGS email"]
[Date "2019.07.01"]
[Round "1"]
[White "Eser, Ipekyilmaz"]
[Black "Mach, Jiri"]
[Result "0-1"]
[WhiteElo "1804"]
[BlackElo "1690"]
[PlyCount "52"]
[EventDate "2019.??.??"]
[EventType "tourn (corr)"]
[EventRounds "8"]
[SourceTitle "Corr 2022"]
[Source "ChessBase"]
[SourceDate "2021.10.24"]
[SourceVersion "1"]
[SourceVersionDate "2021.10.24"]
[SourceQuality "1"]

1. a3 e5 2. d3 d5 3. d4 exd4 4. Qxd4 Nf6 5. Bg5 Be7 6. Bxf6 Bxf6 7. Qd3 0-0 8. c3 g6 9. h3 c5 10. h4 Bf5 11. Qb5 d4 12. cxd4 Nc6 13. e3 Re8 14. Be2 cxd4 15. Nd2 dxe3 16. Ndf3 Nd4 17. Nxd4 Qxd4 18. fxe3 Qxe3 19. Qb4 Re4 20. Qd2 Bxh4+ 21. g3 Bxg3+ 22. Kd1 Qb3+ 23. Qc2 Rd8+ 24. Bd3 Rxd3+ 25. Kc1 Re1+ 26. Qd1 Rdxd1# 0-1

[Event "FICGS W-ch st1 g01 email"]
[Site "FICGS email"]
[Date "2018.11.01"]
[Round "1"]
[White "Mach, Jiri"]
[Black "Trigance, Emile"]
[Result "1-0"]
[WhiteElo "1524"]
[BlackElo "1771"]
[PlyCount "45"]
[EventDate "2018.??.??"]
[EventType "tourn (corr)"]
[EventRounds "8"]
[SourceTitle "Corr 2022"]
[Source "ChessBase"]
[SourceDate "2021.10.24"]
[SourceVersion "1"]
[SourceVersionDate "2021.10.24"]
[SourceQuality "1"]

1. e4 c6 2. d4 d5 3. Nc3 dxe4 4. Nxe4 Nd7 5. Bc4 Ngf6 6. Ng5 e6 7. Qe2 Nb6 8. Bb3 Be7 9. N1f3 h6 10. Ne4 0-0 11. Nxf6+ Bxf6 12. c3 Qc7 13. Bc2 h5 14. Ne5 Bxe5 15. dxe5 g6 16. 0-0 c5 17. Bg5 Nd7 18. Rfe1 b6 19. Rad1 Bb7 20. Rd6 Rfe8 21. Qd2 Nf8 22. Bf6 Nh7 23. Qh6 1-0

[Event "FICGS W-ch st1 g01 email"]
[Site "FICGS email"]
[Date "2018.11.01"]
[Round "1"]
[White "Tambe, Rod"]
[Black "Mach, Jiri"]
[Result "1-0"]
[WhiteElo "2083"]
[BlackElo "1524"]
[PlyCount "93"]
[EventDate "2018.??.??"]
[EventType "tourn (corr)"]
[EventRounds "8"]
[SourceTitle "Corr 2022"]
[Source "ChessBase"]
[SourceDate "2021.10.24"]
[SourceVersion "1"]
[SourceVersionDate "2021.10.24"]
[SourceQuality "1"]

1. e4 c5 2. Nf3 Nc6 3. Bb5 d6 4. 0-0 Bd7 5. Re1 Nf6 6. c3 a6 7. Bc4 Bg4 8. d4 cxd4 9. cxd4 Bxf3 10. gxf3 e5 11. Be3 Nxd4 12. Bxd4 exd4 13. Qxd4 Be7 14. Nc3 Rc8 15. Bb3 0-0 16. f4 Qd7 17. Qe3 Rfd8 18. h3 d5 19. Bxd5 Bc5 20. Qf3 Bd4 21. Bb3 Bxc3 22. bxc3 Qc6 23. Re3 Rd2 24. f5 a5 25. e5 Qxf3 26. Rxf3 Ne4 27. Re1 Nc5 28. Bc4 Rd7 29. Rf4 Rdc7 30. Re3 Kf8 31. e6 Na4 32. Bb3 Nc5 33. Bd5 Re8 34. exf7 Rxe3 35. fxe3 Nd7 36. c4 h6 37. Kg2 Ne5 38. f6 g5 39. Re4 Nxf7 40. Kg3 Nd6 41. Re6 Nxc4 42. f7 Rxf7 43. Bxc4 h5 44. Bd5 Rf1 45. Rg6 Rg1+ 46. Kf2 Rd1 47. Rxg5 1-0

[Event "FICGS rapid E 000217 email"]
[Site "FICGS email"]
[Date "2018.09.01"]
[Round "1"]
[White "Goldmund, Heike"]
[Black "Mach, Jiri"]
[Result "0-1"]
[WhiteElo "1307"]
[BlackElo "1447"]
[PlyCount "72"]
[EventDate "2018.??.??"]
[EventType "tourn (rapid)"]
[EventRounds "6"]
[SourceTitle "Corr 2022"]
[Source "ChessBase"]
[SourceDate "2021.10.24"]
[SourceVersion "1"]
[SourceVersionDate "2021.10.24"]
[SourceQuality "1"]

1. b4 e5 2. Bb2 Bxb4 3. Bxe5 Nf6 4. c4 Nc6 5. Bb2 0-0 6. a3 Ba5 7. e3 d5 8. cxd5 Qxd5 9. Nf3 Ne4 10. Be2 Nc5 11. Qc2 Bf5 12. Qc1 Nb3 13. Nc3 Qd6 14. Qd1 Nxa1 15. Bxa1 Qxa3 16. 0-0 Rad8 17. Nb5 Qa2 18. d4 Nb4 19. Nc3 Qc2 20. Qxc2 Bxc2 21. Rc1 c6 22. Na4 Bxa4 23. Ne5 Nd5 24. Nc4 Bb4 25. Nb2 Bb5 26. Nd3 Bd6 27. Kf1 Rfe8 28. g3 Nxe3+ 29. fxe3 Rxe3 30. Kf2 Rde8 31. Re1 Bxd3 32. Bc3 Rxe2+ 33. Kf3 R8e3+ 34. Kg4 h5+ 35. Kxh5 Rxh2+ 36. Kg4 Rxg3# 0-1

[Event "FICGS rapid E 000217 email"]
[Site "FICGS email"]
[Date "2018.09.01"]
[Round "1"]
[White "Mach, Jiri"]
[Black "Joubert, Hennie"]
[Result "1-0"]
[WhiteElo "1447"]
[BlackElo "1357"]
[PlyCount "21"]
[EventDate "2018.??.??"]
[EventType "tourn (rapid)"]
[EventRounds "6"]
[SourceTitle "Corr 2022"]
[Source "ChessBase"]
[SourceDate "2021.10.24"]
[SourceVersion "1"]
[SourceVersionDate "2021.10.24"]
[SourceQuality "1"]

1. d4 Nf6 2. c4 g6 3. Nc3 Bg7 4. e4 d6 5. Nf3 0-0 6. Be2 e5 7. dxe5 dxe5 8. Qxd8 Rxd8 9. Bg5 Re8 10. Nd5 Nbd7 11. Nxc7 1-0

[Event "FICGS rapid E 000217 email"]
[Site "FICGS email"]
[Date "2018.09.01"]
[Round "1"]
[White "Martinez Camacho, Victor Hugo"]
[Black "Mach, Jiri"]
[Result "0-1"]
[WhiteElo "1047"]
[BlackElo "1447"]
[PlyCount "46"]
[EventDate "2018.??.??"]
[EventType "tourn (rapid)"]
[EventRounds "6"]
[SourceTitle "Corr 2022"]
[Source "ChessBase"]
[SourceDate "2021.10.24"]
[SourceVersion "1"]
[SourceVersionDate "2021.10.24"]
[SourceQuality "1"]

1. e4 e6 2. d4 d5 3. Nd2 c5 4. Ngf3 Nf6 5. exd5 exd5 6. Bb5+ Bd7 7. Qe2+ Be7 8. Bxd7+ Nbxd7 9. 0-0 0-0 10. dxc5 Re8 11. Qd3 Nxc5 12. Qc3 Rc8 13. Qa5 Qxa5 14. h3 Bd6 15. b3 Nce4 16. Nxe4 dxe4 17. Nh2 Qe5 18. g3 Qxa1 19. Bg5 Qc3 20. a4 e3 21. Bxe3 Rxe3 22. fxe3 Qxe3+ 23. Kh1 Qxg3 0-1

[Event "FICGS rapid D 000116 email"]
[Site "FICGS email"]
[Date "2018.07.03"]
[Round "1"]
[White "Mach, Jiri"]
[Black "Pintor, Manuel"]
[Result "0-1"]
[WhiteElo "1467"]
[BlackElo "1514"]
[PlyCount "36"]
[EventDate "2018.??.??"]
[EventType "tourn (rapid)"]
[EventRounds "5"]
[SourceTitle "Corr 2024"]
[Source "ChessBase"]
[SourceDate "2023.10.19"]
[SourceVersion "1"]
[SourceVersionDate "2023.10.19"]
[SourceQuality "1"]

1. d4 d5 2. c4 c6 3. Nf3 Nf6 4. Nc3 Bf5 5. cxd5 Nxd5 6. Nd2 Nb4 7. e4 Bg6 8. a3 N4a6 9. Nc4 e6 10. h4 h5 11. Ne5 Bd6 12. Nxg6 fxg6 13. e5 Be7 14. Bd3 Kd7 15. Ne4 Bxh4 16. Rxh4 Qxh4 17. Bg5 Qg4 18. f3 Qxg2 0-1

[Event "FICGS W-ch st1 g05 email"]
[Site "FICGS email"]
[Date "2018.03.02"]
[Round "1"]
[White "Louro, Eugenio Diogo"]
[Black "Mach, Jiri"]
[Result "0-1"]
[WhiteElo "1702"]
[BlackElo "1396"]
[PlyCount "52"]
[EventDate "2018.??.??"]
[EventType "tourn (corr)"]
[EventRounds "8"]
[SourceTitle "Corr 2022"]
[Source "ChessBase"]
[SourceDate "2021.10.24"]
[SourceVersion "1"]
[SourceVersionDate "2021.10.24"]
[SourceQuality "1"]

1. f4 e5 2. fxe5 d6 3. exd6 Bxd6 4. Nf3 Nf6 5. d3 Ng4 6. g3 Nc6 7. c3 h5 8. Qa4 Bd7 9. Nbd2 h4 10. gxh4 Nb4 11. Qb3 Be6 12. Nc4 Bxc4 13. Qxc4 Nc2+ 14. Kd2 Nge3 15. Qe4+ Kf8 16. Bh3 Qf6 17. Rb1 Bf4 18. Bf5 Qd6 19. Qxb7 Re8 20. Be4 Rh6 21. d4 Qd7 22. Bxc2 Rb6 23. Qxb6 axb6 24. Bd3 c5 25. Ke1 c4 26. Bh7 Qe7 0-1

[Event "FICGS W-ch st1 g02 email"]
[Site "FICGS email"]
[Date "2017.07.01"]
[Round "1"]
[White "Denisov, Timofey"]
[Black "Mach, Jiri"]
[Result "1-0"]
[WhiteElo "2015"]
[BlackElo "1307"]
[PlyCount "25"]
[EventDate "2017.??.??"]
[EventType "tourn (corr)"]
[EventRounds "8"]
[SourceTitle "Corr 2022"]
[Source "ChessBase"]
[SourceDate "2021.10.24"]
[SourceVersion "1"]
[SourceVersionDate "2021.10.24"]
[SourceQuality "1"]

1. e4 c6 2. d4 d5 3. e5 Bf5 4. Nf3 e6 5. Be2 c5 6. c3 Nc6 7. 0-0 cxd4 8. cxd4 Nge7 9. a3 Nc8 10. Be3 Be7 11. Nc3 Nb6 12. b3 0-0 13. Bd3 1-0

[Event "FICGS class F 000185 email"]
[Site "FICGS email"]
[Date "2016.12.19"]
[Round "1"]
[White "Goldmund, Heike"]
[Black "Mach, Jiri"]
[Result "0-1"]
[WhiteElo "1178"]
[BlackElo "1072"]
[PlyCount "34"]
[EventDate "2016.??.??"]
[EventType "tourn (corr)"]
[EventRounds "5"]
[SourceTitle "Corr 2022"]
[Source "ChessBase"]
[SourceDate "2021.10.24"]
[SourceVersion "1"]
[SourceVersionDate "2021.10.24"]
[SourceQuality "1"]

1. d4 f5 2. Nf3 Nf6 3. e3 e6 4. Bd3 d5 5. 0-0 Bd6 6. c4 c6 7. b3 0-0 8. Bb2 Ne4 9. Nbd2 Nd7 10. c5 Be7 11. Qc2 a5 12. Nxe4 dxe4 13. Bxe4 fxe4 14. Qxe4 e5 15. Nxe5 Nxe5 16. Qxe5 Bg5 17. d5 Bf6 0-1